El primogénito / (Registro nro. 9048)

Detalles MARC
000 -LIDER
fixed length control field 00927nam a2200325 4500
001 - NÚMERO DE CONTROL
Identificador de número de control 000437058
003 - IDENTIFICACDOR DE NÚMERO DE CONTROL
control field DO-SdBNP
005 - DATE AND TIME OF LATEST TRANSACTION
control field 20180202104833.0
007 - CAMPOS FIJOS DE DESCRIPCIÓN FÍSICA
fixed length control field 000437058
008 - ELEMENTOS DE LONGITUD FIJA
fixed length control field 950330s1994 sp | ||| ||spa
016 7# - NO. DE CONTROL DE LA AGENCIA BIB. NACIONAL
Record control number
Source BPMSU
017 ## - NÚMERO DE REGISTRO DE DERECHOS DE AUTOR
Copyright or legal deposit number
Assigning agency
020 ## - ISBN
International Standard Book Number 8448030214
035 ## - NÚMERO LOCAL
System control number
040 ## - FUENTE DE CATALOGACIÓN
Agencia que crea de manera original el registro BPMSU
Idioma de catalogación spa
Agencia que realiza la transcripción BPMSU
Convenciones de la despripción
041 1# - CÓDIGOS DE OBRAS TRADUCIDAS O EN VARIOS IDIOMAS
Código del idioma del texto/archivo de sonido o separata spa
Cód. del idioma original y/o traducciones intermedias del texto
080 #0 - NÚMERO DE CLASIFICACIÓN DECIMAL UNIVERSAL
Universal Decimal Classification number
100 1# - ASIENTO PRINCIPAL -- NOMBRE PERSONAL
Nombre personal Thompson, Paul B.
240 10 - TITULO UNIFORME
Título uniforme Firstborn
Idioma de una obra Español
245 13 - MENCIÓN DE TITULO
Título El primogénito /
Medio (Designación general de material)
Mención de responsabilidad Paul B. Thompson, Tonya R. Carter ; traducción, Mila López
260 ## - PUBLICACIÓN, DISTRIBUCIÓN, ETC. (PIE DE IMPRENTA)
Lugar de publicación, distribución, etc Barcelona :
Nombre del editor, distribuidor, etc. Timun Mas,
Fecha de publicación, distribución, etc 1994
300 ## - DESCRIPCIÓN FÍSICA
Extensión v.
Otros detalles físicos il.
Dimensiones 23 cm.
490 1# - MENCIÓN DE SERIES
Mención de serie Dragonlance, las naciones élficas
Volume/sequential designation v. 1
700 1# - ASIENTO SECUNDARIO -- NOMBRE PERSONAL
Nombre personal Carter, Tonya R.
700 1# - ASIENTO SECUNDARIO -- NOMBRE PERSONAL
Nombre personal López Díaz-Guerra, Milagros
830 #0 - ASIENTO SECUNDARIO DE SERIE--TÍTULO UNIFORME
Título uniforme Dragonlance,
Idioma de una obra
Nombre de la parte o sección de una obra Las naciones élficas
942 ## - ADDED ENTRY ELEMENTS (KOHA)
Source of classification or shelving scheme Dewey Decimal Classification
Koha item type Libros
945 ## - INFORMACIÓN DE PROCESAMIENTO LOCAL
Información de procesamiento local Inventariado, 2018/ YL
956 ## - LOCAL ELECTRONIC LOCATION AND ACCESS (OCLC)
Nombre de host VMATEO
Método de acceso 10
Materiales especificados 20151208
Enlace BPMSU
Campo enlazado y núm. de secuencia 00151
Existencias
Withdrawn status Lost status Source of classification or shelving scheme Damaged status Not for loan Collection code Home library Current library Date acquired Source of acquisition Total Checkouts Barcode Date last seen Price effective from Koha item type
    Dewey Decimal Classification     Colección General Biblioteca Pública Metropolitana Salomé Ureña Biblioteca Pública Metropolitana Salomé Ureña 12/08/2015 FUNDI   BPMSU15120083 12/08/2015 12/08/2015 Libros